<?xml version="1.0" encoding="UTF-8"?>
<marc:record xmlns:marc="http://www.loc.gov/MARC21/slim">
   <marc:leader>00000nam a2200000 a 4500</marc:leader>
   <marc:datafield ind1="1" ind2=" " tag="100">
      <marc:subfield code="a">Boon, Dany</marc:subfield>
   </marc:datafield>
   <marc:datafield ind1="1" ind2=" " tag="100">
      <marc:subfield code="a">Kruger, Diane</marc:subfield>
   </marc:datafield>
   <marc:datafield ind1="1" ind2=" " tag="100">
      <marc:subfield code="a">Chaumeil, Pascal</marc:subfield>
   </marc:datafield>
   <marc:datafield ind1=" " ind2=" " tag="653">
      <marc:subfield code="a">Scheidung</marc:subfield>
   </marc:datafield>
   <marc:datafield ind1=" " ind2=" " tag="653">
      <marc:subfield code="a">Frankreich</marc:subfield>
   </marc:datafield>
   <marc:datafield ind1=" " ind2=" " tag="653">
      <marc:subfield code="a">Heirat</marc:subfield>
   </marc:datafield>
   <marc:datafield ind1=" " ind2=" " tag="653">
      <marc:subfield code="a">Komödie</marc:subfield>
   </marc:datafield>
   <marc:datafield ind1=" " ind2=" " tag="653">
      <marc:subfield code="a">Romantik</marc:subfield>
   </marc:datafield>
   <marc:datafield ind1="0" ind2="0" tag="245">
      <marc:subfield code="a">Der Nächste, bitte!</marc:subfield>
   </marc:datafield>
   <marc:datafield ind1="0" ind2="0" tag="245">
      <marc:subfield code="c">Regie: Pascal Chaumeil. Darst.: Diane Kruger, Dany Boon ...</marc:subfield>
   </marc:datafield>
   <marc:datafield ind1=" " ind2="1" tag="264">
      <marc:subfield code="a">München</marc:subfield>
      <marc:subfield code="b">LEONINE Distribution GmbH</marc:subfield>
      <marc:subfield code="c">2013</marc:subfield>
   </marc:datafield>
   <marc:datafield ind1="1" ind2=" " tag="520">
      <marc:subfield code="a">Der Nächste, bitte! heißt es schon seit Generationen für die Frauen in Isabelles (Diane Kruger) Familie: Denn seit über hundert Jahren sind wie durch einen Fluch alle ersten Ehen ihrer Vorfahrinnen gescheitert. Erst die zweite Ehe brachte jeweils das ewige Glück. Das will Isabelle auch endlich mit Pierre, ihrem Liebsten, finden. Und um den Fluch zu umgehen, schmiedet sie einen perfekten Plan: finde irgendeinen Dummen, verführe ihn, heirate ihn und lass dich sofort wieder scheiden, um dann den Mann deiner Träume zu ehelichen. Klingt einfach, wenn das zufällige Opfer nicht der ziemlich vertrottelte Jean-Yves Berthier (Dany Boon) wäre, Redakteur eines bekannten Reiseführers, dem sie von den Massai am Kilimandscharo bis nach Moskau folgen muss, um zum Ziel zu kommen. Eine Hochzeitsreise der besonderen Art, bei der Isabelle die verrücktesten Abenteuer besteht, ihrem unschuldigen Opfer das Leben zur Hölle macht und sich selbst und ihren Plan vom Glück von einer ganz neuen Seite kennen lernt...</marc:subfield>
   </marc:datafield>
   <marc:datafield ind1=" " ind2=" " tag="020">
      <marc:subfield code="a">0887654221995</marc:subfield>
      <marc:subfield code="9">0887654221995</marc:subfield>
   </marc:datafield>
   <marc:datafield ind1="3" ind2=" " tag="024">
      <marc:subfield code="a">0887654221995</marc:subfield>
   </marc:datafield>
   <marc:datafield ind1="0" ind2=" " tag="490">
      <marc:subfield code="v">0</marc:subfield>
   </marc:datafield>
   <marc:datafield ind1=" " ind2=" " tag="300">
      <marc:subfield code="a">1 DVD : ca. 100 Min.</marc:subfield>
   </marc:datafield>
</marc:record>
